000 00923njm a22002657a 4500
005 20100901115333.0
006 a|||||r|||||00| 0
007 sd ammalaaahaa
008 100901t xxu||||| |||| 00| 0 eng d
028 _a2392 837
_bPolydor
035 _aGR-02563
040 _aSED
_cSED
100 _aJaipuri, Shammi
_917891
245 _aZameen pe reh ke damagh aasman pe rehta hai /
_cby Shammi Jaipuri
_h[Sound recording]
260 _aDUM DUM, India
_bPolydor
_c1975
300 _a1 Sound disc [Gramophone Recording] :
_banalog, 33 1/3 rpm
_c12 in. (SP)
_fGramophone Record
500 _aBrief record
500 _aRecord Labels : Polydor,Red
505 _aSide-2 (Rasm-e- ulfat sikha gaya koi) (dagh)
600 _2Jaipuri, Shammi
650 _aUrdu music
_xExcerpts
_zIndia
_917892
700 _920208
942 _2ddc
_cGR
999 _c46051
_d46051